<?xml version="1.0" encoding="UTF-8"?>
<resp>
  <nextPage>https://data.bn.org.pl/api/networks/bibs.marcxml?marc=001+b00001150000115&amp;sinceId=1150000116</nextPage>
  <collection>
    <record xmlns='http://www.loc.gov/MARC21/slim'><leader>01164namZa2200361ZiZ4500</leader><controlfield tag='001'>b00001150000115</controlfield><controlfield tag='005'>20260401103603.4</controlfield><controlfield tag='008'>230609s        pl           |000 0 pol c</controlfield><controlfield tag='009'>9913261972505606</controlfield><datafield ind1=' ' ind2=' ' tag='020'><subfield code='a'>9788323782155</subfield></datafield><datafield ind1=' ' ind2=' ' tag='035'><subfield code='a'>KR_1KR_1_20120317235823038397-48omnis_kr</subfield></datafield><datafield ind1=' ' ind2=' ' tag='035'><subfield code='a'>KR_1_20120317235823038397</subfield><subfield code='9'>ExL</subfield></datafield><datafield ind1=' ' ind2=' ' tag='035'><subfield code='a'>(PL)b00001150000115</subfield></datafield><datafield ind1=' ' ind2=' ' tag='040'><subfield code='a'>KR_1</subfield><subfield code='c'>KR_1</subfield></datafield><datafield ind1='1' ind2=' ' tag='041'><subfield code='a'>pol</subfield><subfield code='h'>eng</subfield></datafield><datafield ind1='1' ind2=' ' tag='100'><subfield code='a'>Bergen, Lara.</subfield></datafield><datafield ind1='1' ind2='0' tag='245'><subfield code='a'>Arcydzieło Bietki /</subfield><subfield code='c'>Lara Bergen ; il. the Disney Storybook Artists ; tł. Andrzej Polkowski.</subfield></datafield><datafield ind1=' ' ind2=' ' tag='250'><subfield code='a'>Wyd. 2.</subfield></datafield><datafield ind1=' ' ind2=' ' tag='260'><subfield code='a'>Warszawa :</subfield><subfield code='b'>Egmont Polska,</subfield><subfield code='c'>2008.</subfield></datafield><datafield ind1=' ' ind2=' ' tag='300'><subfield code='a'>99 s. :</subfield><subfield code='b'>il. kolor. ;</subfield><subfield code='c'>21 cm.</subfield></datafield><datafield ind1='1' ind2=' ' tag='490'><subfield code='a'>Wróżki</subfield></datafield><datafield ind1=' ' ind2=' ' tag='500'><subfield code='a'>d</subfield></datafield><datafield ind1=' ' ind2='9' tag='650'><subfield code='a'>Opowiadanie dziecięce amerykańskie</subfield><subfield code='y'>21 w.</subfield></datafield><datafield ind1='1' ind2=' ' tag='700'><subfield code='a'>Polkowski, Andrzej.</subfield><subfield code='e'>Tł.</subfield></datafield><datafield ind1='2' ind2=' ' tag='710'><subfield code='a'>Disney Storybook Artists</subfield></datafield><datafield ind1=' ' ind2=' ' tag='852'><subfield code='b'>48OMNIS_NETWORK</subfield><subfield code='8'>9913261972505606</subfield></datafield><datafield ind1=' ' ind2=' ' tag='852'><subfield code='b'>48OMNIS_MBPG</subfield><subfield code='8'>991000148259708210</subfield></datafield><datafield ind1=' ' ind2=' ' tag='852'><subfield code='8'>22804666950008210</subfield><subfield code='j'>1</subfield><subfield code='b'>F20</subfield><subfield code='p'>10327237</subfield><subfield code='c'>UBYTKI_F20</subfield></datafield><datafield ind1=' ' ind2=' ' tag='920'><subfield code='a'>978-83-237-8215-5</subfield></datafield></record>
  </collection>
</resp>
